000 02002cam a22002054a 4500
005 20250605164100.0
008 250528s ||||||||||||||||||||||||d
035 _a17590
020 _a9789603448525
040 _aGR-AtMCL
_bgre
_dGR-AtMCL
_eAACR2
245 1 _aΑξιολόγηση της Νοημοσύνης Παιδιών Σχολικής Ηλικίας και Εφήβων / Εγχειρίδιο για Ψυχολόγους
250 _a
260 _bΕλληνικά Γράμματα,
_c2009
300 _a320
520 _aΤο βιβλίο αυτό αναφέρεται στη νοημοσύνη και στους τρόπους αξιολόγηση της. Πρόλογος, Η Φύση της Νοημοσύνης και Θεωρίες για τη Νοημοσύνη, Άλλα Θέματα Σχετικά με τη Νοημοσύνη και τη Μέτρηση της, Αρχές Επαγγελματικής Δεοντολογίας για την Ψυχολογική Αξιολόγηση, Η Ελληνική Κλίμακα Νοημοσύνης Wisc-III για Παιδιά και Εφήβους, Η Ελληνική Κλίμακα Νοημοσύνης Wisc III: Πληροφορίες για τις Υποκλίμακες, Η Ελληνική Κλίμακα Νοημοσύνης Wisc III: Ανάλυση των Ενδοατομικών Διαφορών στις Νοητικές Ικανότητες του Παιδιού, Η Ελληνική Κλίμακα Νοημοσύνης Wisc III:Ερμηνεία των Ενδοατομικών Διαφορών στις Νοητικές Ικανότητες του Παιδιού, Αξιολόγηση της Νοημοσύνης Παιδιών και Εφήβων με Ειδικές Ανάγκες, Συγγραφή της Ψυχολογικής Έκθεσης, Βιβλιογραφία, Λεξιλόγιο.
700 1 _aΦρόσω Μόττη-Στεφανίδη
_93760
942 _cBK
999 _c2994
_d2994